|
|
|
|
| LEADER |
01082nam a2200277 a 4500 |
| 001 |
13218247 |
| 008 |
090531s2004 nyuab b 001 0 eng d |
| 010 |
|
|
|a 2003053819
|
| 020 |
|
|
|a 0471383503 (domestic)
|
| 020 |
|
|
|a 0471429376 (WIE)
|
| 040 |
|
|
|a DLC
|c DLC
|d DLC
|
| 082 |
0 |
0 |
|a 338.8/8
|2 21
|
| 100 |
1 |
|
|a Shenkar, Oded.
|
| 245 |
1 |
0 |
|a International business /
|c Oded Shenkar, Yadong Luo.
|
| 260 |
|
|
|a New York :
|b Wiley,
|c c2004.
|
| 300 |
|
|
|a 1 v. (various pagings) :
|b ill. (chiefly col.), maps (chiefly col.) ;
|c 29 cm. +
|e 1 CD-ROM (4 3/4 in.)
|
| 504 |
|
|
|a Includes bibliographical references and index.
|
| 541 |
1 |
|
|e 00014717
|
| 650 |
|
0 |
|a International trade.
|
| 650 |
|
0 |
|a International finance.
|
| 650 |
|
0 |
|a Investments, Foreign.
|
| 650 |
|
0 |
|a International business enterprises.
|
| 700 |
1 |
|
|a Luo, Yadong.
|
| 852 |
4 |
|
|a Ayesha Abed Library
|j General Shelf.
|
| 999 |
|
|
|c 1166
|d 1166
|
| 952 |
|
|
|0 0
|1 4
|2 ddc
|4 0
|6 338_880000000000000_SHE
|7 0
|9 1053
|a BRACUL
|b BRACUL
|c GEN
|d 2009-06-24
|g 0.00
|l 0
|o 338.88 SHE
|p 3010014717
|r 2009-06-24
|t 1
|w 2009-06-24
|y BK
|x No price found in the accession register.
|